Product and Process Innovation in Enterprises

Na minha lista:
Detalhes bibliográficos
Autor principal: Daneshjo, Naqibullah, 1964-
Outros Autores: Malega, Peter, Dirner, Vojtech, Repková Štofková, Katarína, Kohla, Andreas
Formato: Livro
Idioma:inglês
Publicado em: Lüdenscheid RAM-Verlag 2022
Edição:1st Edition
Assuntos:
Tags: Adicionar Tag
Sem tags, seja o primeiro a adicionar uma tag!

MARC

LEADER 00000nam a2200000 4500
001 0289417
005 20240502083927.7
020 |a 978-3-96595-024-5 
041 0 |a eng 
044 |a DE 
245 1 0 |a Product and Process Innovation in Enterprises  |c Naqibullah Daneshjo - Peter Malega ; Reviewers: Vojtech Dirner, Katarína Repková Štofková, Andreas Kohla 
250 |a 1st Edition 
264 1 |a Lüdenscheid  |b RAM-Verlag  |c 2022 
300 |a 211 s. [11 AH] 
610 2 0 |a inovácia výrobkov 
610 2 0 |a inovácia 
610 2 0 |a proces výrobný 
610 2 0 |a podnik 
610 2 0 |a financovanie 
610 2 0 |a riadenie výroby 
610 2 0 |a start-up 
610 2 0 |a Slovensko 
610 2 0 |a Európska únia 
100 1 |a Daneshjo, Naqibullah, 1964- 
700 1 |a Malega, Peter 
700 1 |a Dirner, Vojtech 
700 1 |a Repková Štofková, Katarína 
700 1 |a Kohla, Andreas